Alluvial fan flooding (Record no. 178549)
[ view plain ]
| 000 -LEADER | |
|---|---|
| fixed length control field | 01219nam a2200289 a 4500 |
| 082 04 - DEWEY DECIMAL CLASSIFICATION NUMBER | |
| Classification number | 363.34/93 |
| 245 00 - TITLE STATEMENT | |
| Title | Alluvial fan flooding |
| 260 ## - PUBLICATION, DISTRIBUTION, ETC. (IMPRINT) | |
| Place of publication | Washington, D.C. : |
| Name of publisher | National Academy Press, |
| Year of publication | 1996. |
| 300 ## - PHYSICAL DESCRIPTION | |
| Number of Pages | x, 172 p. : |
| Other physical details | ill., maps. |
| 650 #0 - SUBJECT ADDED ENTRY--TOPICAL TERM | |
| Topical Term | Alluvial fans. |
| Topical Term | Floodplain management. |
| 856 40 - ELECTRONIC LOCATION AND ACCESS | |
| Uniform Resource Identifier | http://site.ebrary.com/lib/rucke/Doc?id=10055339 |
No items available.
